| 000 | 00532nam a22001817a 4500 | ||
|---|---|---|---|
| 999 |
_c23912 _d23912 |
||
| 003 | BDDh-ASL | ||
| 005 | 20231015030314.0 | ||
| 008 | 210407s1965 ii ||||| |||| 00| 0 eng d | ||
| 040 |
_aBDDh-ASL _cBDDh-ASL |
||
| 082 |
_a923.96 _bCHI |
||
| 100 | 1 |
_93008 _aChatterji, Suniti Kumar |
|
| 245 | 1 | 0 |
_aIn Memoriam Kamala Devi, 1900-1964: _bA Husband Offering of Love and Respect/ |
| 260 |
_aCalcutta: _c1965. |
||
| 300 |
_a82 p. : _c22 cm. |
||
| 600 | 1 | 0 |
_93643 _aChatterji, Kamala Devi |
| 650 | 0 |
_91339 _aBiography |
|
| 942 |
_2ddc _cBK |
||